Leguminous ground cover Mucuna bracteata in mature rubber plantations: Effect on soil pH and organic carbon (Record no. 48563)

MARC details
000 -LEADER
fixed length control field 00520nam a2200181Ia 4500
100 ## - MAIN ENTRY--AUTHOR NAME
Personal name Jessy M D
245 #0 - TITLE STATEMENT
Title Leguminous ground cover Mucuna bracteata in mature rubber plantations: Effect on soil pH and organic carbon
260 ## - PUBLICATION, DISTRIBUTION, ETC. (IMPRINT)
Name of publisher Journal of Plantation Crops
Year of publication 2015
300 ## - PHYSICAL DESCRIPTION
Number of Pages 67-70
650 ## - SUBJECT ADDED ENTRY--TOPICAL TERM
Topical Term Mucuna bracteata
650 ## - SUBJECT ADDED ENTRY--TOPICAL TERM
Topical Term Organic carbon
650 ## - SUBJECT ADDED ENTRY--TOPICAL TERM
Topical Term Soil pH
700 ## - ADDED ENTRY--PERSONAL NAME
Personal name Philip A
700 ## - ADDED ENTRY--PERSONAL NAME
Personal name Syamala V K
700 ## - ADDED ENTRY--PERSONAL NAME
Personal name Ulaganathan A
942 ## - ADDED ENTRY ELEMENTS (KOHA)
Koha item type Bibliography STAF
Holdings
Withdrawn status Lost status Damaged status Not for loan Home library Current library Shelving location Date acquired Serial Enumeration / chronology Koha item type
      Bibliography RRII Library RRII Library Agronomy 12/05/2015 Volume 43, Issue 1 Bibliography STAF